[Event "Havana op"]
[Site "Havana"]
[Date "1992.??.??"]
[Round "?"]
[White "Becerra Rivero, Julio"]
[Black "Luther, Thomas"]
[Result "1-0"]
[WhiteElo "2370"]
[BlackElo "2490"]

1.e4 e6 2.d4 d5 3.e5 c5 4.c3 Nc6 5.Nf3 Bd7 6.Be2 Nh6 7.a3 cxd4 8.cxd4 Nf5
9.b4 Be7 10.O-O O-O 11.Qd2 f6 12.g4 Nh6 13.exf6 Rxf6 14.g5 Rxf3 15.Bxf3 Nf5
16.Bd1 a5 17.bxa5 Ncxd4 18.Nc3 Bc6 19.Re1 Bd6 20.Rb1 e5 21.Qd3 Qxa5 22.Bd2 Qa7
23.a4 Rf8 24.Qh3 e4 25.Rf1 Bc5 26.Bg4 g6 27.a5 Ne6 28.Nb5 Qa8 29.Qb3 Qd8
30.h4 h6 31.Qh3 hxg5 32.h5 Kg7 33.Bb4 Bxb5 34.Bxc5 Nf4 35.Bxf8+ Qxf8 36.Qc3+ d4
37.Qc7+ Kh6 38.Rxb5  1-0

[Event "Havana op"]
[Site "Havana"]
[Date "1992.??.??"]
[Round "?"]
[White "Barreras, Alberto"]
[Black "Becerra Rivero, Julio"]
[Result "0-1"]
[WhiteElo "2310"]
[BlackElo "2370"]

1.d4 Nf6 2.c4 g6 3.f3 Bg7 4.e4 O-O 5.Be3 d6 6.Qd2 c6 7.Ne2 a6 8.a4 a5 9.Na3 Na6
10.Nc3 Nd7 11.Be2 e5 12.Rd1 Rb8 13.O-O Qe7 14.Nc2 f5 15.dxe5 dxe5 16.exf5 gxf5
17.f4 e4 18.Qd6 Qxd6 19.Rxd6 Ndc5 20.Rfd1 Bf6 21.Bd4 Bxd4+ 22.Nxd4 Nb4 23.g3 Ra8
24.Kf2 Nbd3+ 25.Ke3 Nxb2 26.Ra1 Ncd3 27.Bxd3 exd3 28.Rh6 Re8+ 29.Kd2 Rd8
30.Rb1 Nxc4+ 31.Kxd3 Kg7 32.Rh5 Na3 33.Rb3 c5 34.Rxa3 Rxd4+ 35.Kc2 h6 36.Nb5 Rc4+
37.Rc3 Rxc3+ 38.Kxc3 Kg6 39.Rh4 Bd7 40.Kc4 b6 41.h3 Re8  0-1

[Event "Capablanca mem-B"]
[Site "?"]
[Date "1993.??.??"]
[Round "2"]
[White "Becerra Rivero, Julio"]
[Black "Sorin, Ariel"]
[Result "1-0"]
[WhiteElo "2445"]
[BlackElo "2425"]

1.e4 e5 2.Nf3 Nc6 3.Bb5 a6 4.Ba4 Nf6 5.O-O Nxe4 6.d4 b5 7.Bb3 d5 8.dxe5 Be6
9.Nbd2 Nc5 10.c3 Bg4 11.Bc2 Be7 12.h3 Bh5 13.Re1 Qd7 14.Nf1 Rd8 15.Ng3 Bg6
16.Nd4 Nxd4 17.cxd4 Ne6 18.Nf5 O-O 19.f4 Bxf5 20.Bxf5 c5 21.Bg4 Qc6 22.f5 Nxd4
23.f6 gxf6 24.Bh6 fxe5 25.Bxf8 Bxf8 26.Rxe5 Bg7 27.Re1 c4 28.Qd2 b4 29.Rf1 c3
30.bxc3 bxc3 31.Qg5 Rf8 32.Bf3 Nxf3+ 33.Rxf3 Kh8 34.Rg3 Rg8 35.Kh1 d4 36.Qf5 Qf6
37.Qd3 Rc8 38.Rf1 Qe5 39.Qxa6 Rb8 40.Rgf3  1-0

[Event "Capablanca mem-B"]
[Site "?"]
[Date "1993.??.??"]
[Round "4"]
[White "Armas, Jorge"]
[Black "Becerra Rivero, Julio"]
[Result "1-0"]
[WhiteElo "2435"]
[BlackElo "2445"]

1.d4 Nf6 2.c4 g6 3.Nc3 Bg7 4.e4 d6 5.Nge2 O-O 6.Ng3 a6 7.Be2 c5 8.d5 e6 9.a4 exd5
10.cxd5 Re8 11.O-O Nbd7 12.Bf4 Qe7 13.Qd2 h5 14.Bg5 Qf8 15.f4 Nh7 16.Bh4 Bd4+
17.Kh1 Bf6 18.Bxf6 Nhxf6 19.e5 dxe5 20.f5 Qg7 21.fxg6 fxg6 22.Nge4 Nxe4 23.Nxe4 Rf8
24.d6 Rf5 25.Bc4+ Kh8 26.Be6 Rf4 27.g3 Rf8 28.Ng5 Rf6 29.Kg2 e4 30.Rxf6 Nxf6
31.Rf1 b5 32.Qc3 Nh7 33.Nf7+  1-0

[Event "Capablanca mem-B"]
[Site "?"]
[Date "1993.??.??"]
[Round "6"]
[White "Rodriguez, Amador"]
[Black "Becerra Rivero, Julio"]
[Result "1/2-1/2"]
[WhiteElo "2480"]
[BlackElo "2445"]

1.e4 c5 2.Nf3 d6 3.d4 cxd4 4.Nxd4 Nf6 5.Nc3 Nc6 6.Bg5 e6 7.Qd2 a6 8.O-O-O Bd7
9.f4 b5 10.Bxf6 gxf6 11.Kb1 Qb6 12.Nce2 h5 13.g3 O-O-O 14.Bh3 Kb8 15.f5 Nxd4
16.Nxd4 e5 17.Ne2 b4 18.Bg2 Bc6 19.Nc1 a5 20.Rhe1 Bh6 21.Qd3  1/2-1/2

[Event "CUB-ch"]
[Site "?"]
[Date "1993.??.??"]
[Round "7"]
[White "Becerra Rivero, Julio"]
[Black "Perez, Isael"]
[Result "1/2-1/2"]
[WhiteElo "2470"]
[BlackElo "2250"]

1.e4 g6 2.d4 d6 3.c4 Bg7 4.Nc3 Nc6 5.Be3 e6 6.d5 Nce7 7.Qd2 f5 8.f3 Nf6 9.h3 h5
10.Bd3 f4 11.Bf2 g5 12.O-O-O b6 13.Kb1 Ng6 14.Nge2 Kf7 15.Nc1 Bh6 16.Bc2 Qe7
17.Ba4 Bb7 18.Nd3 a5 19.Qc2 g4 20.hxg4 hxg4 21.Qb3 Ba6 22.Bb5 Bxb5 23.Qxb5 Bg5
24.Qc6 Qd7 25.Qxd7+ Nxd7 26.Nb5 gxf3 27.gxf3 Rac8 28.Rxh8 Nxh8 29.b4 axb4
30.Nxb4 Ng6 31.Rh1 Kg7 32.Na6 Bd8 33.Kb2 Nc5 34.Nb4 Be7 35.Kc2 Bf6 36.Bxc5 dxc5
37.Nc6 Kg8 38.Rg1 Kh7 39.Rg4 Kh6 40.a4 Kh7 41.Rg1 Nh8 42.Kd3 Nf7 43.Rg2 Kh6
44.Nca7 Ra8 45.a5 bxa5 46.Ra2 Be7 47.Rxa5 Bd6 48.Ra1 Kh5 49.Ke2 Ng5 50.Rh1+ Kg6
51.Kf2 Nf7 52.Kg2 Kg5 53.Ra1 Kh4 54.Kf2 Ng5 55.Kg2 Nh3 56.Kh2 Rg8 57.Nxd6 cxd6
58.Nb5 Rg3 59.Ra8 Rxf3 60.Rh8+ Kg4 61.Rg8+ Ng5 62.Nxd6 Kh5 63.Rh8+ Kg6 64.Rg8+ Kh5
65.Rh8+ Kg4 66.Rg8  1/2-1/2

[Event "CUB-ch"]
[Site "?"]
[Date "1993.??.??"]
[Round "9"]
[White "Becerra Rivero, Julio"]
[Black "Li, Manuel"]
[Result "1-0"]
[WhiteElo "2470"]
[BlackElo "2305"]

1.e4 c5 2.Nf3 a6 3.c3 g6 4.d4 cxd4 5.Qxd4 Nf6 6.e5 Nc6 7.Qh4 Nh5 8.Bc4 d6
9.exd6 Qxd6 10.O-O Bg7 11.Re1 O-O 12.Bg5 b5 13.Bb3 a5 14.Na3 b4 15.Nc4 Qc7
16.Bxe7 a4 17.Bxf8 Kxf8 18.Bc2 Bf6 19.Qe4 Bf5 20.Qe2 Nf4 21.Qd1 Rd8 22.Ncd2 a3
23.Rb1 axb2 24.cxb4 Nxb4 25.Bxf5 gxf5 26.Qb3 Nbd3 27.Rf1 Ne2+ 28.Kh1 Qc5
29.Nc4 Nxf2+ 30.Rxf2 Qxf2 31.Nxb2 Nc3 32.Rc1 Ne4 33.Nc4 Qc5 34.Qe3 Bd4 35.Qh6+ Kg8
36.h3 Ng3+ 37.Kh2 Qc7 38.Nce5 Qe7 39.Nxd4 Qxe5 40.Qg5+ Kf8 41.Qxd8+ Kg7 42.Qg5+ Kf8  1-0

[Event "CUB-ch"]
[Site "?"]
[Date "1993.??.??"]
[Round "11"]
[White "Becerra Rivero, Julio"]
[Black "Alvarez, Jose"]
[Result "1/2-1/2"]
[WhiteElo "2470"]
[BlackElo "2240"]

1.e4 c5 2.Nf3 e6 3.c3 d5 4.exd5 exd5 5.Bb5+ Nc6 6.O-O Bd6 7.d4 Ne7 8.dxc5 Bxc5
9.Nbd2 O-O 10.Nb3 Bb6 11.Re1 Bg4 12.Be3 Re8 13.h3 Bh5 14.a4 Bc7 15.Bc5 a6
16.Be2 Rc8 17.Nfd4 Bxe2 18.Rxe2 Ne5 19.Bxe7 Rxe7 20.Nf5 Re8 21.Rd2 Qf6 22.Ne3 Qf4
23.Rd4 Qh6 24.Nxd5 Bb8 25.Qe2 f5 26.Qc2 Nf3+ 27.gxf3 Qxh3 28.Nf4 Bxf4 29.Rxf4 Rc6
30.Qxf5 Rg6+ 31.Rg4 Rh6 32.Rxg7+ Kxg7 33.Qxh3 Rxh3 34.Nd4 Kf6 35.Ra3 Rh6
36.f4 Rg6+ 37.Kf1 Kf7 38.a5 Rf6 39.f5 Re7 40.Ra4 Rc7 41.Kg2 b5 42.axb6 Rxb6
43.Ne6 Rc8 44.Rh4 Rxb2 45.Rxh7+ Kf6 46.Rh6+ Ke5 47.Ng7 Rb7 48.Re6+ Kd5 49.Ne8 Ra7
50.Nf6+ Kc4 51.Ne4 Rf8 52.Re5 a5 53.Kf3 a4 54.Ke3 Rd8 55.Nd2+ Kxc3 56.Nb1+ Kc2
57.Na3+ Kb3 58.Nb5 Rad7 59.f6 a3 60.Nxa3 Kxa3 61.f4 Rf8 62.Re6 Kb4 63.Ke4 Kc5
64.Kf5 Rd6 65.Ke5 Rd5+ 66.Ke4 Ra8 67.Re5 Rxe5+ 68.Kxe5 Re8+ 69.Kf5 Kd6 70.f7  1/2-1/2

[Event "Alcobendas op"]
[Site "Alcobendas"]
[Date "1994.??.??"]
[Round "6"]
[White "Becerra Rivero, Julio"]
[Black "San Segundo, Pablo"]
[Result "1-0"]
[WhiteElo "2500"]
[BlackElo "2485"]

1.e4 c5 2.Nf3 e6 3.Nc3 Nc6 4.Bb5 Nd4 5.O-O a6 6.Bd3 Ne7 7.Nxd4 cxd4 8.Ne2 Nc6
9.Bc4 b5 10.Bb3 d3 11.cxd3 Bc5 12.Bc2 d6 13.b4 Bxb4 14.Bb2 O-O 15.Rc1 d5
16.Bb3 Bb7 17.exd5 exd5 18.Nd4 Nxd4 19.Bxd4 Qd7 20.Qf3 Rfc8 21.Qg3 Bf8 22.Rce1 Re8
23.Re3 a5 24.Bd1 b4 25.Bg4 f5 26.Bh5 Rxe3 27.fxe3 a4 28.Qg5 Bc8 29.Bf3 Ra6
30.Qf4 Bb7 31.g4 Rg6 32.Kh1 fxg4 33.Bxg4 Qd6 34.Qf7+  1-0

[Event "Capablanca mem-A"]
[Site "?"]
[Date "1994.??.??"]
[Round "1"]
[White "Becerra Rivero, Julio"]
[Black "Armas, Jorge"]
[Result "1/2-1/2"]
[WhiteElo "2480"]
[BlackElo "2450"]

1.e4 e5 2.Nf3 Nc6 3.Bb5 Bc5 4.c3 Nf6 5.d4 exd4 6.e5 Ne4 7.O-O d5 8.exd6 O-O
9.dxc7 Qxc7 10.cxd4 Nxd4 11.Nxd4 Qb6 12.Be3 Rd8 13.Bd3 Bxd4 14.Bxe4 Bxe3
15.Qc2 Bd4 16.Nc3 Bxc3 17.bxc3 g6 18.Rfd1 Be6 19.Rdb1 Qa5 20.Rxb7 Rac8 21.h4 Rxc3
22.Rxa7 Qe5 23.Qb2 Rdc8 24.Bb7 R8c4 25.Bf3 Rxh4 26.Ra8+ Kg7 27.Qb8 Qxb8 28.Rxb8 Bxa2
29.g3 Rd4 30.Rxa2 Rxf3 31.Kg2 Rf5 32.Rb3 Rfd5 33.Ra7 h5 34.Rf3  1/2-1/2

[Event "Capablanca mem-A"]
[Site "?"]
[Date "1994.??.??"]
[Round "2"]
[White "Hernandez, Gilberto"]
[Black "Becerra Rivero, Julio"]
[Result "1/2-1/2"]
[WhiteElo "2485"]
[BlackElo "2480"]

1.e4 c5 2.Nf3 d6 3.d4 cxd4 4.Nxd4 Nf6 5.Nc3 Nc6 6.Bc4 Qb6 7.Ndb5 a6 8.Be3 Qa5
9.Nd4 e6 10.O-O Be7 11.Bb3 O-O 12.f4 Nxd4 13.Bxd4 e5 14.Be3 Ng4 15.Qf3 Nxe3
16.Qxe3 d5 17.Qg3 Qc5+ 18.Kh1 d4 19.Nd5 exf4 20.Qxf4 Be6 21.Rad1 Rad8 22.Qf2 Bd6
23.Rxd4 Kh8 24.Rdd1 Qxf2 25.Rxf2 Be5 26.c3 g6 27.g3 Kg7 28.Kg2 Rd6 29.Ne3 Rxd1
30.Nxd1 Bxb3 31.axb3 Rd8 32.Ne3 h5 33.Nc4 Bc7 34.Rd2 Rxd2+ 35.Nxd2 a5 36.Nc4 Kf6
37.Kf3 Ke6 38.Ne3 Be5 39.Nc2 h4 40.b4 a4 41.Na3 hxg3 42.hxg3 f5 43.Nc4 Bc7
44.g4 fxg4+ 45.Kxg4 Bd8 46.Na5 b6 47.Nc4 b5 48.Na3 Ke5 49.Nxb5 Kxe4 50.Na3 Kd3
51.b5 Kd2 52.b6 Bxb6  1/2-1/2

[Event "Capablanca mem-A"]
[Site "?"]
[Date "1994.??.??"]
[Round "3"]
[White "Becerra Rivero, Julio"]
[Black "Van Wely, Loek"]
[Result "1/2-1/2"]
[WhiteElo "2480"]
[BlackElo "2570"]

1.e4 c5 2.Nf3 d6 3.d4 cxd4 4.Nxd4 Nf6 5.Nc3 a6 6.Bg5 e6 7.f4 Nbd7 8.Qf3 Qc7
9.O-O-O b5 10.Bd3 Bb7 11.Rhe1 O-O-O 12.a3 Be7 13.Bh4 Kb8 14.Bf2 Nc5 15.Kb1 d5
16.e5 Nfe4 17.Bxe4 Nxe4 18.Nxe4 dxe4 19.Qe3 Bd5 20.Ne2 b4 21.axb4 Bxb4 22.c3 Be7
23.Qb6+ Qb7 24.Ng3 h5 25.Kc1 e3 26.Bxe3 h4 27.Ne2 Bxg2 28.Rxd8+ Rxd8 29.Qxb7+ Kxb7
30.Rd1 Rxd1+ 31.Kxd1 Kc6 32.c4 f6 33.Nd4+ Kd7 34.exf6 Bxf6 35.c5 e5 36.fxe5 Bxe5
37.Bg1 g5 38.b4 g4 39.b5 Bxd4 40.Bxd4 axb5 41.Bf2 g3 42.hxg3 h3 43.Bg1 Ke6
44.Kd2 Bc6 45.Ke3 Kf5 46.Bh2 Bd7 47.Kd4 Kf6 48.Bg1 Kg5 49.Ke4 Bc6+ 50.Ke3 Kf5
51.Bh2 Ke5 52.g4+ Kd5 53.Bd6 Bd7 54.g5 Ke6 55.Kf3 Kf5 56.Be7 b4 57.Kg3 b3
58.Bf6 Kg6 59.c6 Bxc6  1/2-1/2

[Event "Capablanca mem-A"]
[Site "?"]
[Date "1994.??.??"]
[Round "11"]
[White "Zapata, Alonso"]
[Black "Becerra Rivero, Julio"]
[Result "1-0"]
[WhiteElo "2565"]
[BlackElo "2480"]

1.e4 c5 2.Nf3 d6 3.d4 cxd4 4.Nxd4 Nf6 5.Nc3 Nc6 6.Bc4 e6 7.Be3 a6 8.Qe2 Qc7
9.Bb3 Be7 10.O-O-O Na5 11.g4 b5 12.g5 Nxb3+ 13.axb3 Nd7 14.Nf5 exf5 15.Nd5 Qd8
16.exf5 Bb7 17.f6 gxf6 18.gxf6 Bxd5 19.Rxd5 Nxf6 20.Rf5 Rg8 21.Re1 Rb8 22.Bd4 Kd7
23.Qf3 Rg6 24.c3 Kc7 25.Kc2 Rb7 26.Ra1 Nd7 27.Rxa6 Nc5 28.Qc6+ Kb8 29.Rxc5 dxc5
30.Be5+ Bd6 31.Bxd6+ Rxd6 32.Qxd6+ Qxd6 33.Rxd6 Re7 34.Kd3 Kc7 35.Rh6 Rd7+
36.Ke2 Rd6 37.Rxh7 Re6+ 38.Kf1 Rf6 39.Rh3 Kd6 40.Re3 Kd5 41.Ke2 b4 42.Rf3 bxc3
43.bxc3 Rb6 44.c4+ Ke4 45.Re3+ Kd4 46.f3 f5 47.Rd3+ Ke5 48.Ke3 Rb8 49.h4 Ke6
50.Kf4 Rh8 51.Rd5 Rxh4+ 52.Ke3  1-0

[Event "Havana op"]
[Site "Havana"]
[Date "1994.??.??"]
[Round "1"]
[White "Yeo, Michael J"]
[Black "Becerra Rivero, Julio"]
[Result "0-1"]
[WhiteElo "2225"]
[BlackElo "2480"]

1.e4 c5 2.Nf3 d6 3.d4 cxd4 4.Nxd4 Nf6 5.Nc3 Nc6 6.Bg5 a6 7.Qd2 e6 8.O-O-O Bd7
9.f4 h6 10.Bh4 g5 11.fxg5 Ng4 12.Be2 Nge5 13.Nf3 Be7 14.Kb1 hxg5 15.Bg3 b5
16.Rdf1 Rc8 17.Nd1 Qc7 18.Ne3 Ng6 19.Rf2 Nce5 20.Rhf1 f6 21.Nd4 Qb7 22.Bg4 Nf8
23.Bf3 Rc7 24.Qd1 Kd8 25.Ng4 Kc8 26.Be2 Nh7 27.h4 Kb8 28.Nxe5 dxe5 29.Nf3 gxh4
30.Bxh4 Bc5 31.Rh1 Bxf2 32.Bxf2 Bc6 33.Bd3 Rg8 34.Ne1 Ng5 35.Rh6 Nxe4 36.Bh4 Bd5
37.Bxe4 Bxe4 38.Bxf6 Ka8 39.Bxe5 Rd7 40.Qh5 Bf3  0-1

[Event "Havana op"]
[Site "Havana"]
[Date "1994.??.??"]
[Round "3"]
[White "Paneque, Pedro"]
[Black "Becerra Rivero, Julio"]
[Result "0-1"]
[WhiteElo "2410"]
[BlackElo "2480"]

1.Nf3 Nf6 2.g3 g6 3.Bg2 Bg7 4.O-O O-O 5.d3 c5 6.e4 Nc6 7.Nc3 d6 8.h3 Rb8
9.Be3 b5 10.Qd2 b4 11.Ne2 a5 12.Bh6 e5 13.g4 c4 14.Bxg7 Kxg7 15.dxc4 Nxe4
16.Qd5 f5 17.gxf5 gxf5 18.Ng3 Ne7 19.Qd1 Ng6 20.Re1 Nf4 21.c5 Bb7 22.Nxe4 fxe4
23.Nh2 Kh8 24.Re3 Rg8 25.Rg3 e3 26.Bxb7 exf2+ 27.Kxf2 Qh4 28.Ng4 Nh5  0-1

[Event "Havana op"]
[Site "Havana"]
[Date "1994.??.??"]
[Round "8"]
[White "Fernandez, Juan C"]
[Black "Becerra Rivero, Julio"]
[Result "1/2-1/2"]
[WhiteElo "2395"]
[BlackElo "2480"]

1.d4 Nf6 2.c4 g6 3.Nc3 Bg7 4.e4 d6 5.Be2 O-O 6.Bg5 Na6 7.Qd2 c5 8.d5 Nc7
9.Nf3 b5 10.cxb5 a6 11.bxa6 Bxa6 12.Bxa6 Rxa6 13.O-O Qb8 14.Rfe1 Qb7 15.Rac1 Nb5
16.Nxb5 Qxb5 17.b3 Rfa8 18.Rc2 Qb7 19.h3 Ne8 20.Re2 Nc7 21.Bh6 Bh8 22.Qd3  1/2-1/2

[Event "Moscow ol (Men)"]
[Site "Moscow"]
[Date "1994.??.??"]
[Round "5"]
[White "Rogozenko, Dorin"]
[Black "Becerra Rivero, Julio"]
[Result "1-0"]
[WhiteElo "2405"]
[BlackElo "2500"]

1.d4 Nf6 2.c4 g6 3.Nc3 Bg7 4.e4 O-O 5.Be2 d6 6.Bg5 Na6 7.Qd2 c6 8.Nf3 Nc7
9.O-O d5 10.cxd5 cxd5 11.exd5 Ncxd5 12.Bc4 Be6 13.Bb3 Rc8 14.Rfe1 Nc7 15.d5 Bg4
16.Ne5 Bf5 17.Rad1 Nce8 18.Nc4 a6 19.Qe3 b5 20.Ne5 Qc7 21.Nc6 e6 22.dxe6 fxe6
23.Bxe6+ Bxe6 24.Qxe6+ Kh8 25.Ne7 Ra8 26.Qh3 Nh5 27.Ncd5 Qc2 28.Rd2 Qc5 29.b4 Qa7
30.g4 Bd4 31.Be3 Bxe3 32.Rxe3  1-0

[Event "Moscow ol (Men)"]
[Site "Moscow"]
[Date "1994.??.??"]
[Round "7"]
[White "Abarca Aguirre, Manuel"]
[Black "Becerra Rivero, Julio"]
[Result "0-1"]
[WhiteElo "2360"]
[BlackElo "2500"]

1.d4 Nf6 2.c4 g6 3.Nc3 Bg7 4.e4 d6 5.f3 O-O 6.Be3 c6 7.Bd3 a6 8.a4 a5 9.Nge2 Na6
10.Rc1 e5 11.d5 Nd7 12.O-O Qe7 13.Qd2 Rd8 14.Na2 Ndc5 15.Bc2 cxd5 16.cxd5 b6
17.b3 Bd7 18.Nec3 Qe8 19.Rb1 Rdc8 20.Bd1 Rab8 21.Be2 Nc7 22.Rfc1 h5 23.b4 axb4
24.Rxb4 Kh7 25.Rcb1 Nxa4 26.Nxa4 Bxa4 27.Nc3 b5 28.Nxa4 bxa4 29.Ra1 Ra8 30.Qa2 Bh6
31.Bf2 Rcb8 32.Rxa4 Rxa4 33.Qxa4 Rb1+ 34.Bf1 Qxa4 35.Rxa4 Nb5 36.Ra2 Nc3
37.Rc2 Nd1 38.Re2 f5 39.exf5 gxf5 40.g4 hxg4 41.fxg4 Nxf2 42.Kxf2 fxg4 43.Bg2 Rb3
44.Be4+ Kg7 45.Bc2 Rc3 46.Kg2 Kf6 47.Bh7 Bf4 48.Bg8 Rh3 49.Kg1 Be3+ 50.Kg2 Kg5
51.Be6 Rf3 52.Ra2 Kf4 53.Rb2 Bc5 54.Ra2 e4 55.Rc2 Rd3 56.Rc1 Rd2+ 57.Kh1 Kf3
58.Rf1+ Bf2 59.h3 Kg3  0-1

[Event "Moscow ol (Men)"]
[Site "Moscow"]
[Date "1994.??.??"]
[Round "8"]
[White "Becerra Rivero, Julio"]
[Black "Livshits, Ron"]
[Result "1-0"]
[WhiteElo "2500"]
[BlackElo "2370"]

1.e4 c5 2.Nf3 e6 3.c3 Nf6 4.e5 Nd5 5.d4 cxd4 6.Qxd4 Nc6 7.Qe4 f5 8.exf6 Nxf6
9.Qh4 Qa5 10.Bg5 Be7 11.Nbd2 Ne5 12.Qd4 Nc6 13.Qh4 Ne5 14.O-O-O Nf7 15.Nb3 Qc7
16.Bd3 b6 17.Rhe1 Bb7 18.Nbd4 Nxg5 19.Nxg5 Bd5 20.Bg6+ hxg6 21.Qxh8+ Bf8
22.Ndxe6 Bxe6 23.Rxe6+ dxe6 24.Qxf8+  1-0

[Event "Moscow ol (Men)"]
[Site "Moscow"]
[Date "1994.??.??"]
[Round "9"]
[White "Petkevich, Jusefs"]
[Black "Becerra Rivero, Julio"]
[Result "0-1"]
[WhiteElo "2440"]
[BlackElo "2500"]

1.Nf3 c5 2.c4 g6 3.Nc3 Bg7 4.g3 Nc6 5.Bg2 Nf6 6.e4 d6 7.O-O O-O 8.d3 Ne8
9.h3 Nc7 10.Be3 Ne6 11.Qd2 Ned4 12.Nh2 a6 13.Bh6 Rb8 14.Bxg7 Kxg7 15.f4 f5
16.Nd5 b5 17.Nf3 bxc4 18.dxc4 fxe4 19.Nxd4 cxd4 20.Bxe4 e6 21.Ne3 dxe3 22.Qc3+ e5
23.Bxc6 Qb6 24.Bg2 e2+ 25.Rf2 Qxb2 26.Qxb2 Rxb2 27.Re1 exf4 28.Rxf4 Rxf4
29.gxf4  0-1

[Event "Andorra op"]
[Site "Andorra"]
[Date "1995.??.??"]
[Round "3"]
[White "Gallego, Ruben"]
[Black "Becerra Rivero, Julio"]
[Result "0-1"]
[WhiteElo "2240"]
[BlackElo "2490"]

1.e4 c6 2.d4 d5 3.exd5 cxd5 4.Bd3 Nc6 5.c3 Qc7 6.Ne2 Bg4 7.O-O e6 8.Bf4 Qxf4
9.Nxf4 Bxd1 10.Rxd1 Bd6 11.Ne2 Nge7 12.Nd2 Rb8 13.a4 O-O 14.Nf3 Rfc8 15.g3 a6
16.Kg2 Na5 17.Nd2 Bc7 18.h4 h6 19.Kf1 g6 20.Kg2 Kg7 21.Rdb1 Bd8 22.Nf3 Nc4
23.b3 Nd6 24.a5 Nc6 25.b4 Na7 26.Ne5 Rc7 27.Rh1 Rbc8 28.Rhc1 Nab5 29.Bxb5 Nxb5
30.Nd3 Nxc3 31.Nxc3 Rxc3 32.Nc5 Rxc1 33.Rxc1 Rc6 34.Kf3 b6 35.axb6 Rxb6 36.Ra1 Rxb4
37.Rxa6 Bb6  0-1

[Event "Andorra op"]
[Site "Andorra"]
[Date "1995.??.??"]
[Round "5"]
[White "Becerra Rivero, Julio"]
[Black "Cifuentes Parada, Roberto"]
[Result "1/2-1/2"]
[WhiteElo "2490"]
[BlackElo "2535"]

1.d4 Nf6 2.c4 g6 3.Nc3 Bg7 4.e4 d6 5.f4 O-O 6.Nf3 Na6 7.Be2 e5 8.fxe5 dxe5
9.Nxe5 c5 10.Be3 cxd4 11.Bxd4 b6 12.Nf3 Bb7 13.e5 Ng4 14.h3 Nh6 15.O-O Nb4
16.Be3 Nf5 17.Bf4 Rc8 18.g4 Bxf3 19.Bxf3 Nd3 20.gxf5 Nxf4 21.f6 Bh6 22.Qxd8 Rfxd8
23.Nd5 Rxc4 24.Rad1 Nxd5 25.Bxd5 Rc2 26.e6 fxe6 27.Bxe6+ Kf8 28.Rde1 Rcd2
29.Bc4 b5 30.Bxb5 Rxb2 31.a4 a6 32.Bc6 Rb6 33.Re6 Rc8 34.Bd7 Rxe6 35.Bxe6 Rc1  1/2-1/2

[Event "Andorra op"]
[Site "Andorra"]
[Date "1995.??.??"]
[Round "8"]
[White "Becerra Rivero, Julio"]
[Black "Arencibia, Walter"]
[Result "0-1"]
[WhiteElo "2490"]
[BlackElo "2485"]

1.e4 e5 2.Nf3 Nc6 3.Bb5 a6 4.Ba4 Nf6 5.O-O Be7 6.Re1 b5 7.Bb3 O-O 8.d3 d6
9.c3 Na5 10.Bc2 c5 11.Nbd2 Nc6 12.Nf1 Re8 13.h3 h6 14.a4 Rb8 15.axb5 axb5
16.Bb3 Bf8 17.Ne3 Ne7 18.Bd2 Qb6 19.Nh4 c4 20.dxc4 Nxe4 21.cxb5 Bb7 22.Re2 Ra8
23.Rxa8 Rxa8 24.Nc4 Qc5 25.Be1 Nc8 26.Na5 Rxa5 27.Bxf7+ Kxf7 28.b4 Qxb5 29.c4 Qxc4
30.Rc2 Qb5 31.Qh5+ Kg8 32.bxa5 Ne7 33.Rc7  0-1

[Event "Benasque op"]
[Site "Benasque"]
[Date "1995.??.??"]
[Round "4"]
[White "Pierrot, Facundo"]
[Black "Becerra Rivero, Julio"]
[Result "0-1"]
[WhiteElo "2385"]
[BlackElo "2460"]

1.e4 c5 2.Nf3 d6 3.d4 cxd4 4.Nxd4 Nf6 5.Nc3 Nc6 6.Be2 e5 7.Nf3 h6 8.O-O Be6
9.Re1 Be7 10.Bf1 O-O 11.h3 Nb8 12.b3 a6 13.a4 Nbd7 14.Bb2 Rc8 15.Nd2 Qc7
16.Nc4 Qb8 17.a5 Rc6 18.Nd5 Re8 19.Nxe7+ Rxe7 20.Ba3 Nc5 21.Qf3 Re8 22.Nb6 Ncd7
23.Nxd7 Nxd7 24.Red1 Rxc2 25.Bxd6 Qa7 26.b4 Rec8 27.b5 axb5 28.Bxb5 R8c3
29.Bd3 Rb2 30.a6 bxa6 31.Rxa6 Qd4 32.Ra3 Rbb3 33.Ra8+ Kh7 34.Be7  0-1

[Event "Benasque op"]
[Site "Benasque"]
[Date "1995.??.??"]
[Round "4"]
[White "Becerra Rivero, Julio"]
[Black "Granados Gomez, Manuel"]
[Result "1-0"]
[WhiteElo "2460"]
[BlackElo "2355"]

1.e4 c5 2.Nf3 a6 3.c3 d5 4.exd5 Nf6 5.d4 cxd4 6.Qa4+ Qd7 7.Qxd7+ Nbxd7 8.c4 b5
9.b3 bxc4 10.bxc4 Nc5 11.Nxd4 e6 12.Be2 exd5 13.O-O Bd6 14.Bf3 O-O 15.Nc3 Be5
16.Be3 Nce4 17.Nxd5 Nxd5 18.Bxe4 Nxe3 19.fxe3 Ra7 20.Rab1 Rc7 21.Bd5 Bf6
22.Nf5 Bg5 23.Rb3 Rd8 24.e4 Bf6 25.Nh6+ Kf8 26.e5 Rxd5 27.cxd5 Bxe5 28.Nf5 Rc5
29.Rd3 Bd7 30.Rd2 Bc3 31.Rdd1 g6 32.Nd6 f5 33.Ne4 Rc4 34.Nxc3 Rxc3 35.Rfe1 Rc4
36.d6 Re4 37.Rxe4 fxe4 38.Rd4  1-0

[Event "Benasque op"]
[Site "Benasque"]
[Date "1995.??.??"]
[Round "9"]
[White "Becerra Rivero, Julio"]
[Black "Cifuentes Parada, Roberto"]
[Result "1/2-1/2"]
[WhiteElo "2460"]
[BlackElo "2525"]

1.e4 c5 2.Nf3 d6 3.d4 cxd4 4.Nxd4 Nf6 5.Nc3 Nc6 6.Bg5 Bd7 7.Qd2 Rc8 8.O-O-O Nxd4
9.Qxd4 Qa5 10.Bd2 g6 11.Kb1 Bg7 12.Nd5 Qa4 13.Nxf6+ Bxf6 14.Qxa4 Bxa4 15.Bd3 g5
16.f3 Bd7 17.Be3 a6 18.g4 h6 19.h4 Rg8 20.hxg5 hxg5 21.c3 Be5 22.Bc2 Be6
23.Bb3 Kd7 24.Rh7 Bxb3 25.axb3 f6 26.Kc2 Rh8  1/2-1/2

[Event "CUB-ch"]
[Site "CUB"]
[Date "1995.??.??"]
[Round "1"]
[White "Arencibia, Walter"]
[Black "Becerra Rivero, Julio"]
[Result "1-0"]
[WhiteElo "2485"]
[BlackElo "2490"]

1.e4 c6 2.d4 d5 3.Nc3 dxe4 4.Nxe4 Nd7 5.Ng3 Ngf6 6.Bd3 e6 7.Nf3 Bd6 8.Qe2 h6
9.Ne4 Nxe4 10.Qxe4 Nf6 11.Qe2 b6 12.Bd2 Bb7 13.O-O-O Qc7 14.Ne5 Bxe5 15.dxe5 Nd7
16.Rhe1 O-O-O 17.Bb4 c5 18.Bc3 Nb8 19.Qg4 g6 20.Bc4 Rxd1+ 21.Rxd1 Rd8 22.Rxd8+ Qxd8
23.Qf4 Qg5 24.Qxg5 hxg5 25.f3 Bd5 26.Bf1 Kd7 27.Bd2 g4 28.fxg4 Nc6 29.Bc3 g5
30.a3 Ke7 31.b4 f6 32.exf6+ Kf7 33.bxc5 bxc5 34.h4 gxh4 35.g5 Nd4 36.Be1 Nf5
37.Be2 Ng3 38.Bxg3 hxg3 39.Bh5+ Kg8 40.Kd2 Bxg2 41.Ke3 Bd5 42.g6 c4 43.c3 Be4
44.Kxe4  1-0

[Event "CUB-ch"]
[Site "CUB"]
[Date "1995.??.??"]
[Round "2"]
[White "Becerra Rivero, Julio"]
[Black "Borges Mateos, Juan"]
[Result "1-0"]
[WhiteElo "2490"]
[BlackElo "2400"]

1.e4 e6 2.d4 d5 3.Nc3 Nf6 4.Bg5 dxe4 5.Nxe4 Be7 6.Bxf6 gxf6 7.Nf3 b6 8.Bd3 Bb7
9.Qe2 c6 10.O-O-O Qc7 11.Kb1 Nd7 12.c4 O-O-O 13.a3 Rhg8 14.g3 f5 15.Nc3 Bf6
16.Rhe1 h5 17.Ne5 Bxe5 18.dxe5 h4 19.Qe3 hxg3 20.hxg3 a6 21.Bc2 c5 22.Rd6 Nb8
23.Red1 Bc6 24.b4 Rxd6 25.Rxd6 Nd7 26.b5 axb5 27.Nxb5 Bxb5 28.cxb5 Nb8 29.a4 Rd8
30.a5 Rxd6 31.exd6 Qd7 32.Bd3 Qxd6 33.a6 Nd7 34.Qf3 Qd4 35.Bc2 Qb4+ 36.Kc1 Qe1+
37.Bd1 Qf1 38.a7 Qc4+ 39.Bc2 Qf1+ 40.Kd2  1-0

[Event "CUB-ch"]
[Site "CUB"]
[Date "1995.??.??"]
[Round "3"]
[White "Li, Manuel"]
[Black "Becerra Rivero, Julio"]
[Result "0-1"]
[WhiteElo "2345"]
[BlackElo "2490"]

1.d4 Nf6 2.Nf3 g6 3.c4 Bg7 4.Nc3 O-O 5.Bf4 d6 6.h3 c6 7.e3 a6 8.Be2 b5 9.O-O Nbd7
10.Rc1 bxc4 11.Bxc4 c5 12.d5 Rb8 13.Qd2 Qa5 14.Rc2 Nb6 15.Be2 Na4 16.Nxa4 Qxa4
17.Bc4 Bf5 18.b3 Qd7 19.Rcc1 Qb7 20.Nh4 Bd7 21.Qd3 h6 22.Bh2 Bb5 23.f4 Bxc4
24.bxc4 Qc7 25.e4 Nd7 26.Rce1 Qa5 27.e5 Qxa2 28.e6 Rb3 29.Qe4 f5 30.Re2 Nf6
31.Rxa2 Nxe4 32.Nxg6 Bd4+ 33.Kh1 Rfb8 34.g4 R8b7 35.gxf5 Kg7 36.Rg2 Rb2 37.Rxb2 Rxb2
38.Nxe7 Nf2+ 39.Rxf2 Bxf2 40.Nc8 a5 41.Nxd6 a4 42.f6+ Kxf6 43.Ne4+ Kg7 44.Nc3 a3
45.f5 Bd4 46.d6 Bxc3 47.d7 Rxh2+  0-1

[Event "CUB-ch"]
[Site "CUB"]
[Date "1995.??.??"]
[Round "4"]
[White "Becerra Rivero, Julio"]
[Black "Pupo, Emilio"]
[Result "1-0"]
[WhiteElo "2490"]
[BlackElo "2320"]

1.e4 c5 2.Nf3 e6 3.d4 cxd4 4.Nxd4 Nf6 5.Nc3 Nc6 6.Ndb5 d6 7.Bf4 e5 8.Bg5 a6
9.Na3 Be6 10.Nc4 Rc8 11.Be2 Nd4 12.Ne3 Be7 13.Bxf6 Bxf6 14.O-O O-O 15.Bd3 Bg5
16.Ncd5 g6 17.c3 Nc6 18.Bc2 Ne7 19.Nxe7+ Qxe7 20.Nd5 Qd8 21.Bb3 Kh8 22.Qd3 Qa5
23.Rad1 Qc5 24.Qg3 Bd8 25.Kh1 Qb5 26.Qd3 Qc5 27.Ne3 Be7 28.Nd5 Bd8 29.Ne3 Be7
30.Bd5 b5 31.Qe2 a5 32.Rd3 Rcd8 33.Bb3 Bg5 34.Rfd1 Be7 35.Kg1 Rb8 36.g3 Bc8
37.Nd5 Bg5 38.h4 Bd8 39.Ne3 Bb7 40.Rxd6 Bxe4 41.Ng4 f5 42.R6d5 Qc6 43.Rd6 Qc5
44.R1d5 Qc8 45.Nxe5 Bf6 46.Qd2 Bxd5 47.Nxg6+ Kg7 48.Nxf8 Bxb3 49.Nd7 Be7
50.Nxb8  1-0

[Event "CUB-ch"]
[Site "CUB"]
[Date "1995.??.??"]
[Round "6"]
[White "Gonzales, Renieo"]
[Black "Becerra Rivero, Julio"]
[Result "1/2-1/2"]
[WhiteElo "2290"]
[BlackElo "2490"]

1.e4 c6 2.d4 d5 3.Nd2 dxe4 4.Nxe4 Nd7 5.Bc4 Ngf6 6.Nxf6+ Nxf6 7.Nf3 Bf5 8.O-O e6
9.Re1 Bd6 10.Nh4 Bg4 11.Qd3 O-O 12.Nf3 Bf5 13.Qe2 h6 14.Bd3 Bxd3 15.Qxd3 c5
16.c3 Qc7 17.dxc5 Bxc5 18.Be3 Rfd8 19.Qc4 Rac8 20.Qxc5 Qxc5 21.Bxc5 Rxc5
22.Rad1 Rcd5 23.Rd4 Kf8 24.Kf1 R8d6 25.Ra4 Rb5 26.b4 a6 27.c4 Rh5 28.c5 Rc6
29.Ne5 Rc7 30.c6 Nd5 31.cxb7 Rxb7 32.a3 Nc7 33.Kg1 f6 34.Nd3 Ke7 35.Nc5 Rb6
36.g3 Rd5 37.Re2 g5 38.Kg2 g4 39.h3 h5 40.hxg4 hxg4 41.Re1 Kf7 42.Ra5  1/2-1/2